| 000 | 00729 a2200217 4500 | ||
|---|---|---|---|
| 502 | _aThèse d'exercice | ||
| 653 | 1 | _aSciences agronomiques | |
| 100 | _aAvakoudjo, Julien | ||
| 245 | _aEtude de quelques potentialités agro-forestières de plusieurs provenances de leucaena leucocephala (lam de wit) et d'acacia auriculiformis (a. Cunn. et benth) dans le Sud -Benin | ||
| 650 | _aAGROFORESTERIE | ||
| 650 | _aLEUCOCEPHALA | ||
| 650 | _aACACIA AURICULIFORMIS | ||
| 130 | _lFr | ||
| 710 | _aAbomey-Calavi, Université nationale du Bénin, Faculté des Sciences Agronomiques, BJ | ||
| 041 | _bFr | ||
| 041 | _bEn | ||
| 653 | 1 | _aProduction végétale | |
| 651 | _aAFRIQUE OCCIDENTALE | ||
| 651 | _aBENIN | ||
| 999 |
_c29928 _d29928 |
||